| 000 | 00432cam a22001337a 4500 | ||
|---|---|---|---|
| 008 | 180718b1989 xxu||||| |||| 00| 0 eng d | ||
| 082 | _aB5x54 Sa82 | ||
| 100 | _aSathe, Vasant | ||
| 245 |
_aTwo swords in one scabbard: a case for presidential form of parliamentary democracy _cby Vasant Sathe |
||
| 260 |
_aNew Delhi _bNIB _c1989 |
||
| 300 | _axii, 168p | ||
| 650 | _aPresidents --India --Election. | ||
| 650 | _aCabinet system --India | ||
| 999 |
_c421905 _d421905 |
||